Países más cercanos a Rumania - Sprint de un minuto - Estadísticas

Estadísticas generales
  • Esta prueba ha sido intentada 56 veces
  • La puntuación promedio es 16 de 20
Estadísticas de respuestas
km país % Correcto
0 Ucrania
98%
0 Moldavia
96%
220 Rusia
93%
0 Bulgaria
91%
0 Serbia
89%
68 Eslovaquia
84%
0 Hungría
84%
284 Eslovenia
80%
266 Albania
78%
156 Kosovo
78%
365 Bielorrusia
76%
129 Bosnia y Herzegovina
76%
235 Grecia
76%
170 Macedonia
76%
101 Polonia
73%
201 Turquía
73%
221 Montenegro
71%
322 Chequia
67%
107 Croacia
64%
304 Austria
62%
No se encontraron pruebas coincidentes
Distribución de puntuación
Porcentaje de gente con cada puntuación
Porcentaje por número respondido
Historial de tus puntuaciones
No has intentado esta prueba.